Random Minecraft Mobs by Picture - Statistics

General Stats
  • This quiz has been taken 1,146 times
  • The average score is 17 of 20
Answer Stats
Picture Answer % Correct
Cat
98%
Turtle
96%
Cow
95%
Dolphin
95%
Enderman
95%
Horse
95%
Panda
95%
Sheep
95%
Skeleton
95%
Wolf
95%
Bat
94%
Chicken
94%
Creeper
94%
Ender Dragon
94%
Parrot
94%
Pig
94%
Rabbit
94%
Bee
93%
Polar Bear
93%
Pufferfish
93%
Villager
93%
Ghast
92%
Iron Golem
92%
Spider
92%
Zombie
92%
Donkey
91%
Fox
91%
Frog
91%
Goat
91%
Slime
91%
Blaze
90%
Salmon
90%
Shulker
90%
Squid
90%
Witch
90%
Mooshroom
89%
Piglin
89%
Wither
89%
Cave Spider
88%
Llama
88%
Zombie Villager
88%
Drowned
87%
Wither Skeleton
87%
Axolotl
86%
Ocelot
86%
Skeleton Horse
86%
Glow Squid
85%
Magma Cube
85%
Pillager
84%
Silverfish
84%
Zombified Piglin
84%
Snow Golem
83%
Wandering Trader
82%
Guardian
80%
Warden
80%
Tadpole
79%
Cod
78%
Phantom
78%
Mule
76%
Hoglin
74%
Tropical Fish
74%
Husk
73%
Allay
72%
Elder Guardian
72%
Endermite
72%
Ravager
72%
Piglin brute
68%
Strider
65%
Vex
64%
Evoker
62%
Stray
59%
Vindicator
59%
Zoglin
56%
No matching quizzes found
Score Distribution
Percent of People with Each Score
Percentile by Number Answered
Your Score History
You have not taken this quiz